00385pab a2200145 454500008004000000100002900040245004000069260000900109300001400118362001200132650001900144650001700163650001900180773004000199180718b2009 xxu||||| |||| 00| 0 eng d aTiwari, Shailender Kumar aSocial justice: Gandhi and Ambedkar c2009 ap.429-39. aApr-Jun aAmbedkar, B.R. aGandhi, M.K. aSocial justice aIndian Journal of Political Science